| 000 | 01422nam0a2200349 4500 | ||
|---|---|---|---|
| 001 | RU\NLR\BIBL_A\022463183 | ||
| 005 | 20260311155915.0 | ||
| 010 |
_a978-5-00222-588-0 _9150 |
||
| 021 |
_aRU _bКН-П-24-082745 _9КН-П-24-8246 |
||
| 035 | _a(NLR Aleph) 022463183 | ||
| 090 |
_a13632502 _c13632502 |
||
| 100 | _a20250219d2024 u y0rusy50 ca | ||
| 101 | 0 | _arus | |
| 102 | _aRU | ||
| 105 | _aachez 000zd | ||
| 181 | 0 |
_ai3 _baxxe |
|
| 182 | 0 | _an | |
| 200 | 1 |
_aШторм-333. Взятие дворца Амина _fсоставитель: Валентин Мзареулов |
|
| 203 |
_aТекст _bвизуальный _cнепосредственный |
||
| 210 |
_aМосква _cРодина _d2024 |
||
| 215 |
_a254, [1] с. _cил., портр., факс., планы _d21 |
||
| 225 | 1 | _aИскусство разведки | |
| 320 | _aБиблиогр. в подстроч. примеч. | ||
| 333 | _a16+ | ||
| 606 | 1 |
_a"Шторм-333", специальная операция _jВоспоминания, записки и т.п _z1979 _92514684 _3RU\NLR\AUTH\6601705345 |
|
| 686 | 1 | _aЦ35(0)635.4,013 | |
| 702 | 1 |
_4280 _7ca _8rus _aАмин _bХ. _f1929-1979 _gХафизулла _9237208 _3RU\NLR\AUTH\770237264 |
|
| 702 | 1 |
_aМзареулов _bВ. К. _gВалентин Константинович _4220 |
|
| 942 | _cBOOK | ||
| 980 | _aNB | ||